000 00261nam a2200121 i 4500
001 bg
100 1 _aPETER, N.
245 0 _aZarys metod informatyki /
_cN. Peter.
040 _cBPK
041 _apol
942 _cKS
008 s pl f |000 0 pol
999 _c18644
_d18644
856 _uhttp://koha.tu.koszalin.pl/cgi-bin/koha/opac-detail.pl?biblionumber=18644
_yKatalog online BPK